The Ultimate Big Brother USA Quiz - Statistics

General Stats
  • This quiz has been taken 1,334 times
  • The average score is 7 of 15
Answer Stats
Hint Answer % Correct
Which season of Big Brother US was the first to feature the Golden Power of Veto? Season 3
95%
Who was evicted from the house the week after he was voted back in by America? Kaysar
66%
What is the nickname of host Julie Chen? Chenbot
61%
Who was the only houseguest who didn't vote for Ian Terry to win Big Brother 14? Danielle
61%
What power was offered yet never used in BB All Stars that was later used by Jeff in Season 11? Coup de'tat
58%
Which houseguest organized the very first backdoor plan? Nakomis
58%
What former houseguest did Rachel Reilly clash with, yet outside of the house are now good friends? Ragan
48%
The Big Brother House is located in which city? Los Angeles, California
44%
Which houseguest was expelled from the Big Brother 4 house after an outburst? Scott
37%
Who was the first evicted houseguest from Big Brother 3? Lori Olson
30%
Which childhood game was the very first Power of Veto competition based on in Season 8? Hide and Seek
26%
When Janelle won yet another America's Choice in Season 6, she was sent to the set of which CBS comedy? Two and a half men
26%
The Have Not Room in Season 15 features what sort of beds? Airplane seats
24%
Natalie from Season 9 was extremely proud of hailing from her home state, which was? Oregon
16%
The Power of veto in Week 5 of Season 10 featured which vegetable? Onion
11%
No matching quizzes found
Score Distribution
Percent of People with Each Score
Percentile by Number Answered
Your Score History
You have not taken this quiz